| 000 | 00978nam a22002895a 4500 | ||
|---|---|---|---|
| 999 |
_c21231 _d21203 |
||
| 003 | EG-ScBUE | ||
| 005 | 20191221154745.0 | ||
| 008 | 160224s2015 ua f 000 0 eng d | ||
| 040 |
_aEG-ScBUE _beng _erda _cEG-ScBUE _dEG-ScBUE |
||
| 041 | 0 |
_aeng _aara |
|
| 082 | 0 | 4 |
_a418.02 _bENA _222 |
| 100 | 1 |
_aEnani, M. _939430 |
|
| 245 | 1 | 0 |
_aDictionaries for the translator : an introduction / _cby M. Enani ; with key to exercises by Aliaa El-Guindy. |
| 264 | 1 |
_a[Cairo] : _bThe Anglo Egyptian Bookshop, _c[2015?] |
|
| 300 |
_a268 pages ; _c24 cm |
||
| 336 |
_atext _btxt _2rdacontent |
||
| 337 |
_aunmediated _bn _2rdamedia |
||
| 338 |
_avolume _bnc _2rdacarrier |
||
| 546 | _aText in English and Arabic. | ||
| 650 | 7 |
_aTranslating and interpreting. _2BUEsh _939247 |
|
| 650 | 7 |
_aTranslators _xTraining of. _2BUEsh _941336 |
|
| 651 | _2BUEsh | ||
| 653 |
_bHHUUEENN _cFebruary2016 _cDecember2019 |
||
| 655 | _vReading book | ||
| 700 | 1 |
_aEl-Guindy, Aliaa, _eeditor. |
|
| 942 |
_2ddc _cBB |
||